|
|
|
|
| LEADER |
01112nam a2200253 a 4500 |
| 001 |
010762898 |
| 008 |
100502s1970 enka 001 0 eng d |
| 010 |
|
|
|a 88931142
|
| 020 |
|
|
|a 0140137971
|
| 040 |
|
|
|a StDuBDS
|c UK
|d BD-DhAAL
|
| 082 |
0 |
0 |
|a 150.195
|2 21
|
| 100 |
1 |
|
|a Freud,Sigmund.
|
| 245 |
0 |
0 |
|a On sexuality :
|b three essays on the theory of sexuality and other works /
|c Sigmund Freud; the present volume comp. and ed. by Angela Richards.
|
| 260 |
|
|
|a Harmondsworth, :
|b Penguin,
|c 1970
|
| 300 |
|
|
|a 432 p. ;
|c 22 cm.
|
| 490 |
0 |
|
|a Pelican Freud library, vol. 7.
|
| 500 |
|
|
|a Includes bibliography and index.
|
| 541 |
1 |
|
|e 00016560
|
| 650 |
|
0 |
|a Psychoanalysis.
|
| 700 |
1 |
|
|a Richards,Angela
|
| 852 |
4 |
|
|a Ayesha Abed Library
|j General shelf
|
| 999 |
|
|
|c 8367
|d 8367
|
| 952 |
|
|
|0 0
|1 0
|2 ddc
|4 0
|6 150_195000000000000_FRE_1970
|7 0
|9 9700
|a BRACUL
|b BRACUL
|c GEN
|d 2010-05-04
|l 14
|m 115
|o 150.195 FRE
|p 3010016560
|r 2026-01-13
|s 2025-12-15
|t 1
|w 2010-05-04
|y BK
|
| 952 |
|
|
|0 0
|1 0
|2 ddc
|4 0
|6 150_195000000000000_FRE
|7 0
|9 13072
|a BRACUL
|b BRACUL
|c GEN
|d 2010-11-04
|l 11
|m 69
|o 150.195 FRE
|p 3010014187
|r 2024-05-08
|s 2024-01-27
|t 2
|w 2010-11-04
|y BK
|